"Simple" Imperial Flags - Statistics

General Stats
  • This quiz has been taken 7 times
  • The average score is 10 of 16
Answer Stats
Picture Answer % Correct
Holy Roman Empire
100%
Japanese Empire
100%
Roman Empire
100%
Spanish Empire
100%
British Empire
86%
Byzantine Empire
86%
German Empire
86%
Portuguese Empire
71%
Mongol Empire
57%
Ottoman Empire
57%
Ethiopian
43%
Central African Empire
29%
Durrani Empire
29%
Second French Empire
29%
Mughal Empire
14%
Second Mexican Imperial Banner
0%
No matching quizzes found
Score Distribution
Percent of People with Each Score
Percentile by Number Answered
Your Score History
You have not taken this quiz